Γενικές Αρχές Λογιστικής / Προσαρμοσμένες στο Ελληνικό Γενικό Λογιστικό Σχέδιο (Record no. 2062)
[ view plain ]
| 000 -LEADER | |
|---|---|
| fixed length control field | 02320cam a22001694a 4500 |
| 005 - ΗΜΕΡΟΜΗΝΙΑ ΚΑΙ ΩΡΑ ΤΕΛΕΥΤΑΙΑΣ ΕΝΗΜΕΡΩΣΗΣ | |
| Πεδίο ελέγχου | 20250605164029.0 |
| 008 - FIXED-LENGTH DATA ELEMENTS--GENERAL INFORMATION | |
| Πεδίο ελέγχου σταθερού μήκους | 250528s ||||||||||||||||||||||||d |
| 035 ## - SYSTEM CONTROL NUMBER | |
| System control number | 16573 |
| 040 ## - ΠΗΓΗ ΚΑΤΑΛΟΓΟΓΡΑΦΗΣΗΣ | |
| Φορέας πρωτότυπης καταλογογράφησης | MC Athens Campus Library |
| Γλώσσα καταλογογράφησης | Ελληνικά, Μοντέρνα (1453-) |
| Modifying agency | MC Athens Campus Library |
| Κανόνες περιγραφικής καταλογογράφησης | AACR2 |
| 245 1# - ΤΙΤΛΟΣ ΚΑΙ ΔΗΛΩΣΗ ΥΠΕΥΘΥΝΟΤΗΤΑΣ | |
| Τίτλος | Γενικές Αρχές Λογιστικής / Προσαρμοσμένες στο Ελληνικό Γενικό Λογιστικό Σχέδιο |
| 260 ## - PUBLICATION, DISTRIBUTION, ETC. | |
| Name of publisher, distributor, etc. | Amacom, |
| Date of publication, distribution, etc. | 1994 |
| 520 ## - SUMMARY, ETC. | |
| Summary, etc. | Για τους μαθητές της δευτεροβάθμιας επαγγελματικής εκπαίδευσης - Για τους καταρτιζόμενους στα Ι.Ε.Κ. σε οικονομικά επαγγέλματα - Για τους σπουδαστές και φοιτητές του οικονομικού κύκλου - Αλλά και για τους οικονομολόγους καθηγητές Δ.Ε. Οι Λογαριασμοί του Ισολογισμού, Εισαγωγή στη Λογιστική, Η Οικονομική Κατάσταση της Επιχείρησης, Απογραφή - Ισολογισμός, Ο Μηχανισμός των Διπλογραφικών Εγγράφων, Η Διπλογραφική Μέθοδος και το Κλασσικό Σύστημα Εγγράφων, Διάκριση των Λογαριασμών του Ισολογισμού Ανάλογα με το Περιεχόμενο τους, Οι Λογαριασμοί από Οργανωτική Άποψη, Οι Λογαριασμοί Εκμεταλλεύσεως και Αποτελεσμάτων, Οι Λογαριασμοί των Οργανικών Εξόδων και Εσόδων Κατ' είδον, Οι Λογαριασμοί των Αποτελεσμάτων, Άλλες Διακρίσεις των Λογαριασμών, Ο Τελικός Ισολογισμός, Οι Λογιστικές Εργασίες στο Τέλος της Χρήσης, Βασικά Θέματα των Γενικών Αρχών Λογιστικής, Το Συγκεντρωτικό Σύστημα Εγγραφών, Ο Φόρος Προστιθέμενης Αξίας, Η Λογιστική των Γραμματίων, Η Λογιστική των Υποκαταστημάτων. |
| 700 1# - ΠΡΟΣΘΕΤΗ ΑΝΑΓΡΑΦΗ--ΦΥΣΙΚΟ ΠΡΟΣΩΠΟ | |
| Personal name | Δεδούσης Ηλίας |
| 9 (RLIN) | 2663 |
| 942 ## - ADDED ENTRY ELEMENTS (KOHA) | |
| Koha item type | Books |
| Τύπος τεκμηρίου | Βιβλιοθήκη | Τρέχουσα τοποθεσία | Barcode | Αριθμός εισαγωγής | Ημερομηνία απόκτησης | Ταξιθετικό σύμβολο | Αριθμός αντιτύπου | Κατάσταση απόσυρσης | Κατάσταση χαμένου | Κατάσταση κατεστραμμένου | Μη δανεισμός | Σύνολο δανεισμών | Ημερομηνία τελευταίας εμφάνισης | Η τιμή ισχύει από |
|---|---|---|---|---|---|---|---|---|---|---|---|---|---|---|
| Books | MC Athens Campus Library | MC Athens Campus Library | 9780000020611 | 4278 | 05/06/2025 | 657 DED | 1 | 05/06/2025 | 05/06/2025 |